Everyday situations for communicating in English

Salvato in:
Dettagli Bibliografici
Natura: Libro
Pubblicazione: 1993
Tags: Aggiungi Tag
Nessun Tag, puoi essere il primo ad aggiungerne! !
Thư viện lưu trữ: Mạng thư viện Đại học Đà Nẵng
LEADER 00460nam a22001811a 4500
001 000037841
003 14136
005 20160412021150.0
008 160412s1993 000
082 |a 4A(07)1294-95 
245 |a Everyday situations for communicating in English  |c Tanes Buckley 
260 |c 1993 
OWN |a LNN 
999 |a From the UDN01 
TYP |a Monograph 
980 |a Mạng thư viện Đại học Đà Nẵng